000 00644nam a2200241Ia 4500
003 OSt
005 20220928105314.0
006 a|||||r|||| 00| 0
007 ta
008 220927b |||||||| |||| 00| 0 eng d
024 _a94439
037 _cTextual
040 _aSDCL
_cSDCL
_beng
041 _2eng
_aeng
082 _aV41'N5<M4, 152L9
100 _aMajumdar R K
_9414683
245 0 _aHistory of China
260 _aDelhi
_bSurjit Books
_c1979
300 _a346p
_ccm.
700 _a Shrivastav A N
_9414684
942 _hV41'N5<M4, 152L9
_cTEXL
_2CC
999 _c730521
_d730521